000 00532nam a2200193 i 4500
001 130219
003 ES-MaACL
005 20231027063028.0
007 t|
008 070724s1952 sp ||||1| spa d
100 1 _aZweig, Stefan,
_d1881-1942
_9118562
245 1 0 _aObras completas /
_cStefan Zweig.
260 _aBarcelona :
_bJuventud,
_c[1952]
300 _a4 v. ;
_c18 cm.
490 1 _aClásicos modernos
830 0 _aClásicos modernos
_9219429
852 _aES-MaACL
_jA-3702-5
999 _c130219
_d130219